Представление документа в формате RUSMARC

ПолеНазваниеЗначение
  Тип записи a
  Библиографический уровень m
001 Контрольный номер RU/IS/BASE/461168795
005 Дата корректировки 20240207193152.5
010 Индекс ISBN __
d Цена 0 р. 30 к.
9 Тираж 135000 экз.
100 Данные общей обработки __
a Данные общей обработки 20140812d2014 ||| 0rusy0189 ca
101 Язык документа 0_
a Язык текста rus
102 Страна публикации __
a Страна публикации RU
105 Кодированные данные (монография) __
a Кодированные данные (монография) y###||||000|y
200 Заглавие и сведения об ответственности 1_
a Заглавие Физик в гостях у биолога
b Общее обозначение материала Текст
f Первые сведения об ответственности К. Ю. Богданов
210 Выходные данные 1_
a Место издания Москва
c Издательство Наука
d Дата издания 1986
215 Физическое описание __
a Объем 140, [1] с.
c Иллюстрации/тип воспроизводства ил.
d Формат 20 см.
225 Серия 0_
a Серия Библиотечка "Квант" ; вып. 49
606 Тематические рубрики 1_
a Основная рубрика Биофизика
610 Ключевые слова 1_
a Ключевые слова биофизика
a Ключевые слова физика
a Ключевые слова биология
686 Индексы других классификаций __
a Классификационный индекс 28.67
2 Код системы rubbk
700 Автор _1
a Фамилия Богданов
b Имя (инициалы) Константин Юрьевич
801 Источник записи _0
a Страна RU
b Организация Ульяновская ОБДЮ
c Дата составления 20140812
g Правила каталогизации RCR
801 Источник записи _1
a Страна RU
b Организация Ульяновская ОБДЮ
c Дата составления 20140812
g Правила каталогизации RCR
852 Данные о местонахождении __
a Наименование организации Ульяновская ОБДЮ
i Авторский знак Б 73
j Шифр хранения 28.6
901 Тип документа __
t Тип документа m
910 Корректоры записи __
a Корректор записи Плотникова
919 __
a Плотникова
938 Служебная информация __
a Имя БД MarkBase